LDR 00700naa#a2200169#i#450# 001 RU\\bibl\121778 005 20260606160224.6 011 ## _a2073-0454 100 ## _a20260226b2026####ek#y0rusy0150####ca 102 ## _aRU 200 1# _aЕдиная теория интересов в праве: основные положения _eЖурнальная статья 210 1# _aМосква _cМосковский университет МВД России имени В.Я. Кикотя _d2026 215 ## _a7 с. 608 ## _aЖурнальная статья _2local 675 ## _aПраво. Юридические науки. 34 _z 700 #1 _aШаров _gДенис Васильевич 856 4# _amosumvd.editorum.ru _u